Βιβλιοθήκες και αρχεία στην Ελλάδα : συμβολή στη μελέτη της πνευματικής ιστορίας του νέου Ελληνισμού
Saved in:
| Main Author: | |
|---|---|
| Format: | Book |
| Language: | Greek |
| Published: |
Αθήνα :
Πέτρου Τζουνάκου,
1970.
|
| Edition: | 2η έκδ. |
| Subjects: | |
| Tags: |
Add Tag
No Tags, Be the first to tag this record!
|
MARC
| LEADER | 00000cam a2200000 i 4500 | ||
|---|---|---|---|
| 001 | 1/74279 | ||
| 008 | 050324s1970 gr | ||| ||||| ||gre|| | ||
| 035 | |l 10077338 | ||
| 040 | |a GR-MyUA |b gre |e AACR2 | ||
| 041 | 0 | |a gre | |
| 082 | 7 | |a 027.0495 |2 (21) | |
| 100 | 1 | |a Κοκκίνης, Σπύρος Α., |d 1928- | |
| 245 | 1 | 0 | |a Βιβλιοθήκες και αρχεία στην Ελλάδα : |b συμβολή στη μελέτη της πνευματικής ιστορίας του νέου Ελληνισμού / |c Σπύρου Κοκκίνη. |
| 250 | |a 2η έκδ. | ||
| 260 | |a Αθήνα : |b Πέτρου Τζουνάκου, |c 1970. | ||
| 300 | |a 332 σ. : |b φωτ. ; |c 25 εκ. | ||
| 504 | |a Βιβλιογραφία: σ.247-274. Ευρετήριο. | ||
| 650 | 0 | 0 | |a Libraries |z Greece |x History. |
| 650 | 0 | 0 | |a Archives |z Greece. |
| 852 | |a INST |b RHODES |e 20170627 |h 027.0495 ΚΟΚ |p 005400039346 |q 005400039346 |t BK |y 0 | ||
| 852 | |a INST |b SAMOS |e 20050324 |h 027.0495 ΚΟΚ |p 005300023041 |q 005300023041 |t BK |y 0 | ||
| 901 | |a BIBL3-2005-1 | ||
| 909 | |a Σ |b 107618 | ||
| 970 | |a ΜΑΛΑΓΑΡΗ |b ΦΩΤΕΙΝΗ |z 2005/03/24 | ||